| 000 | 00873nam a2200265 i 4500 | ||
|---|---|---|---|
| 001 | bg | ||
| 100 | 1 | _aKamieński, Jerzy. | |
| 245 | 1 | 0 |
_aMieszanie układów wielofazowych / _cJerzy Kamieński. |
| 260 |
_aWarszawa : _bWydawnictwa Naukowo-Techniczne, _c2004. |
||
| 300 |
_a217, [3] s. : _brys. ; _c24 cm. |
||
| 490 | 1 | _aInżynieria Chemiczna | |
| 504 | _aBibliogr. przy rozdz. Indeks. | ||
| 650 | 9 | _aMieszanie | |
| 650 | 9 | _aTechnologia chemiczna | |
| 830 | 0 | _aInżynieria Chemiczna | |
| 015 | _aPB 10459/2005 | ||
| 020 | _a8320430070 | ||
| 040 | _cBPK | ||
| 041 | 0 | _apol | |
| 080 | _a66.01/.09:621.926/.929 | ||
| 920 | _a83-204-3007-0 | ||
| 942 | _cKS | ||
| 008 | s pl f |000 0 pol | ||
| 999 |
_c46481 _d46481 |
||
| 856 |
_uhttp://koha.tu.koszalin.pl/cgi-bin/koha/opac-detail.pl?biblionumber=46481 _yKatalog online BPK |
||